00252 a2200085 4500082001500000100001800015245002900033260008600062300001800148 a306.49 SHA aAhmed Shafeeq aDhivehi Masahkayehtherin aMale Maldivesb" Dhivehibahaai Thaareekhah Khidhumaiykuraa Qaumee Marukazu"c1988 a172p,c:22cm.